| 000 | 00415nam a2200169 a 4500 | ||
|---|---|---|---|
| 001 | 0000-8888 | ||
| 003 | ELIB.Books | ||
| 008 | 110520 1976 | ||
| 035 | _a(ELIB.Books)0000-9036 | ||
| 082 |
_a248 _bPet |
||
| 100 | _aPeterson, Reona | ||
| 245 | _aTomorrow You Die | ||
| 260 |
_bLondon; Bible Voice Inc. _c1976 |
||
| 650 | _aChristian Life | ||
| 942 |
_2ddc _cBK |
||
| 998 |
_cbat _e2011-05-20 |
||
| 999 |
_c8888 _d8888 |
||